Microbiology (Record no. 43625)

MARC details
003 - CONTROL NUMBER IDENTIFIER
control field 00000
005 - DATE AND TIME OF LATEST TRANSACTION
control field 20250904101433.0
020 ## - INTERNATIONAL STANDARD BOOK NUMBER
International Standard Book Number 9789785897968
040 ## - CATALOGING SOURCE
Description conventions rda
050 ## - LIBRARY OF CONGRESS CALL NUMBER
Classification number QR 41.2 .M53 2021
100 ## - MAIN ENTRY--PERSONAL NAME
Personal name Adegboro, Boaz
245 ## - TITLE STATEMENT
Title Microbiology
260 ## - PUBLICATION, DISTRIBUTION, ETC. (IMPRINT)
Place of publication, distribution, etc Nigeria
Name of publisher, distributor, etc Malthouse press
Date of publication, distribution, etc 2021
264 ## - PUBLICATION, DISTRIBUTION, ETC. (IMPRINT)
Place of publication, distribution, etc Nigeria
Name of publisher, distributor, etc Malthouse press
Date of publication, distribution, etc 2021
300 ## - PHYSICAL DESCRIPTION
Other physical details xiii, 655p.: ill.
336 ## - CONTENT TYPE
Source rdacontent
338 ## - CARRIER TYPE
Source rdacarrier
500 ## - GENERAL NOTE
General note includes index and Appendix
600 ## - SUBJECT ADDED ENTRY--PERSONAL NAME
Personal name Microbiology
942 ## - ADDED ENTRY ELEMENTS (KOHA)
Source of classification or shelving scheme Library of Congress Classification
Koha item type Books
Holdings
Withdrawn status Lost status Source of classification or shelving scheme Damaged status Not for loan Permanent Location Current Location Date acquired Inventory number Total Checkouts Full call number Date last seen Price effective from Koha item type
    Library of Congress Classification     Asokoro Library Asokoro Library 09/04/2025 0199010   QR 41.2 .M53/ 09/04/2025 09/04/2025 Books
    Library of Congress Classification     Asokoro Library Asokoro Library 09/04/2025 0199011   QR 41.2 .M53/ 09/04/2025 09/04/2025 Books
    Library of Congress Classification     Asokoro Library Asokoro Library 09/04/2025 0199012   QR 41.2 .M53/ 09/04/2025 09/04/2025 Books
    Library of Congress Classification     College of Health Sciences Library College of Health Sciences Library 09/04/2025 0199007   QR 41.2 .M53/ 09/04/2025 09/04/2025 Books
    Library of Congress Classification     College of Health Sciences Library College of Health Sciences Library 09/04/2025 0199008   QR 41.2 .M53/ 09/04/2025 09/04/2025 Books
    Library of Congress Classification     College of Health Sciences Library College of Health Sciences Library 09/04/2025 0199009   QR 41.2 .M53/ 09/04/2025 09/04/2025 Books
    Library of Congress Classification     NILE UNIVERSITY OF NIGERIA - MAIN LIBRARY NILE UNIVERSITY OF NIGERIA - MAIN LIBRARY 09/04/2025 0198679   QR 41.2 .M53/ 09/04/2025 09/04/2025 Books
    Library of Congress Classification     NILE UNIVERSITY OF NIGERIA - MAIN LIBRARY NILE UNIVERSITY OF NIGERIA - MAIN LIBRARY 09/04/2025 0198680   QR 41.2 .M53/ 09/04/2025 09/04/2025 Books
    Library of Congress Classification     NILE UNIVERSITY OF NIGERIA - MAIN LIBRARY NILE UNIVERSITY OF NIGERIA - MAIN LIBRARY 09/04/2025 0198715   QR 41.2 .M53/ 09/04/2025 09/04/2025 Books